Logo BPK

Biblioteka

Politechniki Koszalińskiej

Atlas tektoniczny Polski / (Rekord nr 35211)

Szczegóły MARC
000 -ETYKIETA REKORDU
podpole kontrolne o stałej długości 03391nem a2200649 i 4500
001 - NUMER KONTROLNY REKORDU
pole kontrolne 35211
003 - IDENTYFIKATOR NUMERU KONTROLNEGO REKORDU
podpole kontrolne KOSZ 005
005 - DATA OSTATNIEJ MODYFIKACJI REKORDU
podpole kontrolne 20230704094338.0
007 - DANE KONTROLNE - FORMA FIZYCZNA DOKUMENTU
podpole kontrolne o stałej długości ad canzn
008 - POLE O STAŁEJ DŁUGOŚCI - DANE KONTROLNE
podpole kontrolne o stałej długości 000616s1998 pl e | 0 pol
015 ## - NUMER BIBLIOGRAFII NARODOWEJ
Numer bibliografii narodowej UWD 2000/10387
034 3# - DANE MATEMATYCZNE ZAKODOWANE
Rodzaj skali a
Liniowa skala pozioma 500000
-- 4000000
035 ## - NUMER SYSTEMOWY
Numer systemowy przejętego rekordu 991014012629705066
035 ## - NUMER SYSTEMOWY
Numer systemowy przejętego rekordu (PL-WaBN)b13767550-48omnis_nlop
035 ## - NUMER SYSTEMOWY
Numer systemowy przejętego rekordu b13767550
035 ## - NUMER SYSTEMOWY
Numer systemowy przejętego rekordu (OCoLC)233448851
035 ## - NUMER SYSTEMOWY
Numer systemowy przejętego rekordu (PL)b0000001376755
035 ## - NUMER SYSTEMOWY
Numer systemowy przejętego rekordu (EXLNZ-48OMNIS_NETWORK)9910021603405606
040 ## - ŹRÓDŁO KATALOGOWANIA
Instytucja, która sporządziła opis WA N
Instytucja, która utworzyła rekord WA N
Instytucja, która dokonała modyfikacji KOSZ 005/HR
046 ## - DATY KODOWANE
Pojedyncza data lub początek okresu powstania dzieła lub zbioru dzieł 1998
080 ## - UNIWERSALNA KLASYFIKACJA DZIESIĘTNA - UKD
UKD 912:551.24(438)
245 00 - TYTUŁ/ODPOWIEDZIALNOŚĆ
Tytuł Atlas tektoniczny Polski /
Pozostałe elementy strefy tytułu i oznaczenia odpowiedzialności Państwowy Instytut Geologiczny ; redaktor naukowy Jerzy Znosko ; współpraca redakcyjna Maria Pajchlowa ; opracował Jerzy Znosko przy współudziale: Ryszarda Dadleza, Andrzeja Grocholskiego, Zbigniewa Kowalczewskiego, Wojciecha Ryłko, Wacława Ryki ; redaktor Zakładu Produkcji PIG Ewa Miłaczewska ; opracowanie graficzne Wydawnictwo Kartograficzne Polskiej Agencji Ekologicznej SA ; redaktor Barbara Celińska.
255 ## - STREFA DANYCH MATEMATYCZNYCH
Oznaczenie skali Skale 1:500 000 - 1:4 000 000.
260 ## - STREFA ADRESU WYDAWNICZEGO
Miejsce wydania Warszawa :
Nazwa wydawcy/dystrybutora Wydawnictwo Kartograficzne Polskiej Agencji Ekologicznej,
Data publikacji, dystrybucji/powstania dokumentu copyright 1998.
300 ## - STREFA OPISU FIZYCZNEGO
Objętość 1 atlas (7 map na 10 arkuszach) :
Inne cechy fizyczne wielobarwne ;
Rozmiary mapy składane, różnych wymiarów, w okładce 42 cm.
336 ## - TYP ZAWARTOŚCI
Źródło (terminu i kodu) rdacontent
Termin opisujący typ zawartości Mapa 2D
Kod określający zawartość cri
337 ## - TYP MEDIÓW
Źródło (terminu i kodu) rdamedia
Tryb odtwarzania Bez urządzenia pośredniczącego
Kod typu mediów n
338 ## - TYP/RODZAJ NOŚNIKA
Źródło (terminu i kodu) rdacarrier
Hasło opisujące typ nośnika Arkusz
Kod typu nośnika nb
380 ## - FORMA I TYP PUBLIKACJI
Forma i typ publikacji Mapy
388 ## - CZAS POWSTANIA
Czas powstania 1901-2000
388 ## - CZAS POWSTANIA
Czas powstania 1989-2000
500 ## - UWAGI OGÓLNE
Tekst uwagi Atlas składa się z: I. Mapa tektoniczna Polski, 1:500 000; II. Mapa rozprzestrzenienia kompleksów strukturalnych pokrywy osadowej, 1:750 000; III. Mapa jednostek tektonicznych Polski, 1:4 000 000; IV. Mapa powierzchni Moho w Polsce, 1:4 000 000; V. Mapa gęstości powierzchniowego strumienia ciepła w Polsce, 1:4 000 000; VI. Mapa głównych fotolineamentów Polski, 1:4 000 000; VII. Mapa terranów w Sudetach, 1:1 500 000.
500 ## - UWAGI OGÓLNE
Tekst uwagi Tytuł z okładki.
536 ## - UWAGA DOTYCZĄCA ŹRÓDEŁ FINANSOWANIA DZIEŁA
Tekst uwagi Druk pracy finansowany przez Ministerstwo Ochrony Środowiska, Zasobów Naturalnych i Leśnictwa
540 ## - UWAGA DOTYCZĄCA PRAWA AUTORSKIEGO
Warunki wykorzystania i reprodukowania Copyright by Państwowy Instytut Geologiczny, Warszawa 1998.
546 ## - UWAGA O JĘZYKU
Uwaga o języku Atlas w języku polskim.
650 #7 - HASŁO PRZEDMIOTOWE W FORMIE NAZWY OGÓLNEJ LUB JEDNOSTKOWEJ
Nazwa ogólna lub geograficzna Tektonika
Źródło hasła lub terminu DBN
650 #7 - HASŁO PRZEDMIOTOWE W FORMIE NAZWY OGÓLNEJ LUB JEDNOSTKOWEJ
Nazwa ogólna lub geograficzna Geologia
651 #7 - HASŁO PRZEDMIOTOWE W FORMIE NAZWY GEOGRAFICZNEJ
Nazwa geograficzna Polska
Źródło hasła lub terminu DBN
655 #7 - TERMIN INDEKSOWY - OKREŚLENIE RODZAJU/FORMY DOKUMENTU
Określenie rodzaju/formy dokumentu Mapa geologiczna
Źródło terminu DBN
655 #7 - TERMIN INDEKSOWY - OKREŚLENIE RODZAJU/FORMY DOKUMENTU
Określenie rodzaju/formy dokumentu Atlas geologiczny
658 ## - TERMIN INDEKSOWY - PRZEDMIOT PROGRAMU NAUCZANIA
Główny przedmiot programu nauczania Geografia i nauki o Ziemi
700 1# - HASŁO DODATKOWE - NAZWA OSOBOWA
Nazwa osobowa Celińska, Barbara
Określenie związku między hasłem a opisywanym materiałem Redakcja
700 1# - HASŁO DODATKOWE - NAZWA OSOBOWA
Nazwa osobowa Dadlez, Ryszard
Daty związane z nazwą (1931-2008)
Określenie związku między hasłem a opisywanym materiałem Opracowanie
700 1# - HASŁO DODATKOWE - NAZWA OSOBOWA
Nazwa osobowa Grocholski, Andrzej
Daty związane z nazwą (1928-2016)
Określenie związku między hasłem a opisywanym materiałem Opracowanie
700 1# - HASŁO DODATKOWE - NAZWA OSOBOWA
Nazwa osobowa Kowalczewski, Zbigniew
Daty związane z nazwą (1938-2018)
Określenie związku między hasłem a opisywanym materiałem Opracowanie
700 1# - HASŁO DODATKOWE - NAZWA OSOBOWA
Nazwa osobowa Ryłko, Wojciech
Daty związane z nazwą (1950-2019)
Określenie związku między hasłem a opisywanym materiałem Opracowanie
700 1# - HASŁO DODATKOWE - NAZWA OSOBOWA
Nazwa osobowa Ryka, Wacław
Daty związane z nazwą (1931-1996)
Określenie związku między hasłem a opisywanym materiałem Opracowanie
700 1# - HASŁO DODATKOWE - NAZWA OSOBOWA
Nazwa osobowa Miłaczewska, Ewa
Określenie związku między hasłem a opisywanym materiałem Redakcja
700 1# - HASŁO DODATKOWE - NAZWA OSOBOWA
Nazwa osobowa Pajchlowa, Maria
Daty związane z nazwą (1919-1996)
Określenie związku między hasłem a opisywanym materiałem Redakcja
700 1# - HASŁO DODATKOWE - NAZWA OSOBOWA
Nazwa osobowa Znosko, Jerzy
Daty związane z nazwą (1922-2017)
Określenie związku między hasłem a opisywanym materiałem Redakcja
710 2# - HASŁO DODATKOWE - NAZWA CIAŁA ZBIOROWEGO
Nazwa ciała zbiorowego lub jednostki geograficznej Państwowy Instytut Geologiczny
710 2# - HASŁO DODATKOWE - NAZWA CIAŁA ZBIOROWEGO
Nazwa ciała zbiorowego lub jednostki geograficznej Wydawnictwo Kartograficzne Polskiej Agencji Ekologicznej
856 ## - LOKALIZACJA I DOSTĘP DO ELEKTRONICZNYCH DOKUMENTÓW ZDALNYCH
Link (URL) http://koha.tu.koszalin.pl/cgi-bin/koha/opac-detail.pl?biblionumber=35211
Tekst linku Katalog online BPK
942 ## - DODATKOWE ELEMENTY (KOHA)
Schemat klasyfikacji Uniwersalna Klasyfikacja Dziesiętna
Typ dokumentu Kartograficzne
Egzemplarze
Wycofany Status egzemplarza Uszkodzony Dostępność Lokalizacja stała Lokalizacja bieżąca Miejsce przechowywania Sygnatura Kod kreskowy Typ dokumentu
      Dostępny Biblioteka Politechniki Koszalińskiej Biblioteka Politechniki Koszalińskiej Wypożyczalnia BG MP 1088 01547054 Kartograficzne
© 2023 Biblioteka Politechniki Koszalińskiej :: KOHA